[Event "PMPJ 17"]
[Site "?"]
[Date "2015.11.11"]
[Round "6.3"]
[White "Osinski, Emil"]
[Black "Pilzak, Marcin"]
[Result "1-0"]
[LiveChessVersion "1.4.6"]
[BlackElo "2102"]
[WhiteElo "1967"]

1. e4 {[%clk 1:30:57]} e6 {[%clk 1:30:19]} 2. d4 {[%clk 1:31:15]} d5
{[%clk 1:30:28]} 3. Nd2 {[%clk 1:31:27]} c5 {[%clk 1:30:45]} 4. Ngf3
{[%clk 1:31:08]} Nc6 {[%clk 1:30:32]} 5. exd5 {[%clk 1:25:24]} exd5
{[%clk 1:30:51]} 6. Bb5 {[%clk 1:24:22]} Bd6 {[%clk 1:30:42]} 7. O-O
{[%clk 1:23:57]} Nge7 {[%clk 1:31:04]} 8. dxc5 {[%clk 1:22:48]} Bxc5
{[%clk 1:31:24]} 9. Nb3 {[%clk 1:22:13]} Bd6 {[%clk 1:30:05]} 10. Nbd4
{[%clk 1:13:19]} O-O {[%clk 1:30:02]} 11. h3 {[%clk 1:09:59]} h6 {[%clk 1:23:45]}
12. Be3 {[%clk 1:07:50]} Bc7 {[%clk 1:21:34]} 13. Re1 {[%clk 0:57:40]} Qd6
{[%clk 1:19:35]} 14. Bd3 {[%clk 0:40:44]} Nxd4 {[%clk 1:15:27]} 15. Bxd4
{[%clk 0:40:59]} Nc6 {[%clk 1:15:01]} 16. c3 {[%clk 0:38:06]} Nxd4
{[%clk 1:12:37]} 17. cxd4 {[%clk 0:38:28]} Be6 {[%clk 0:53:19]} 18. Rc1
{[%clk 0:33:39]} Rac8 {[%clk 0:47:39]} 19. a3 {[%clk 0:28:04]} Qf4
{[%clk 0:45:44]} 20. Bb1 {[%clk 0:21:50]} Qf6 {[%clk 0:42:29]} 21. Qb3
{[%clk 0:15:34]} Bb6 {[%clk 0:37:27]} 22. Qd3 {[%clk 0:15:02]} g6
{[%clk 0:37:42]} 23. Qd2 {[%clk 0:13:59]} Kg7 {[%clk 0:36:19]} 24. Ne5
{[%clk 0:13:04]} Rc4 {[%clk 0:23:21]} 25. Nxc4 {[%clk 0:10:40]} dxc4
{[%clk 0:23:38]} 26. d5 {[%clk 0:09:52]} Rd8 {[%clk 0:23:26]} 27. Be4
{[%clk 0:09:40]} c3 {[%clk 0:18:15]} 28. bxc3 {[%clk 0:07:02]} Qh4
{[%clk 0:16:49]} 29. c4 {[%clk 0:06:23]} Bc5 {[%clk 0:16:56]} 30. Qb2+
{[%clk 0:06:23]} Kh7 {[%clk 0:17:00]} 31. dxe6 {[%clk 0:06:30]} fxe6
{[%clk 0:16:31]} 32. Rcd1 {[%clk 0:04:49]} 1-0

[Event "PMPJ 17"]
[Site "?"]
[Date "2015.11.11"]
[Round "6.4"]
[White "Korpalski, Maciej"]
[Black "Golda, Sebastian"]
[Result "0-1"]
[LiveChessVersion "1.4.6"]
[BlackElo "1868"]
[WhiteElo "2007"]

1. e4 {[%clk 1:30:40]} e5 {[%clk 1:30:49]} 2. Nf3 {[%clk 1:31:00]} Nc6
{[%clk 1:31:15]} 3. Bb5 {[%clk 1:31:26]} a6 {[%clk 1:31:36]} 4. Ba4
{[%clk 1:31:33]} Nf6 {[%clk 1:31:59]} 5. Qe2 {[%clk 1:31:34]} b5 {[%clk 1:31:32]}
6. Bb3 {[%clk 1:31:58]} Be7 {[%clk 1:29:40]} 7. O-O {[%clk 1:31:31]} O-O
{[%clk 1:29:16]} 8. c3 {[%clk 1:29:55]} d6 {[%clk 1:19:52]} 9. d4
{[%clk 1:18:27]} Bg4 {[%clk 1:13:30]} 10. Rd1 {[%clk 1:16:25]} Re8
{[%clk 1:09:06]} 11. a4 {[%clk 1:10:31]} b4 {[%clk 0:50:43]} 12. Bxf7+
{[%clk 0:55:31]} Kxf7 {[%clk 0:50:25]} 13. Qc4+ {[%clk 0:55:55]} d5
{[%clk 0:35:14]} 14. Qxc6 {[%clk 0:56:18]} Bxf3 {[%clk 0:35:40]} 15. gxf3
{[%clk 0:56:38]} dxe4 {[%clk 0:36:02]} 16. fxe4 {[%clk 0:55:13]} Qc8
{[%clk 0:33:14]} 17. Qc4+ {[%clk 0:54:44]} Kf8 {[%clk 0:33:41]} 18. Qe2
{[%clk 0:55:09]} Bd6 {[%clk 0:28:18]} 19. d5 {[%clk 0:54:31]} Kg8
{[%clk 0:27:00]} 20. Bg5 {[%clk 0:53:33]} Rf8 {[%clk 0:27:01]} 21. Kg2
{[%clk 0:40:30]} Qe8 {[%clk 0:25:30]} 22. Bxf6 {[%clk 0:36:02]} Rxf6
{[%clk 0:23:50]} 23. Nd2 {[%clk 0:34:59]} bxc3 {[%clk 0:16:22]} 24. bxc3
{[%clk 0:35:24]} Bc5 {[%clk 0:16:40]} 25. f3 {[%clk 0:33:35]} Qh5
{[%clk 0:16:20]} 26. Kh1 {[%clk 0:31:13]} Raf8 {[%clk 0:15:52]} 27. Rf1
{[%clk 0:25:51]} Kh8 {[%clk 0:15:28]} 28. Ra2 {[%clk 0:24:23]} Qh3
{[%clk 0:07:20]} 29. Qg2 {[%clk 0:17:55]} Qh5 {[%clk 0:07:31]} 30. Rb2
{[%clk 0:15:32]} Bb6 {[%clk 0:05:14]} 31. Rb3 {[%clk 0:14:26]} Rg6
{[%clk 0:04:53]} 32. Qe2 {[%clk 0:14:50]} Qg5 {[%clk 0:04:59]} 33. Rbb1
{[%clk 0:14:15]} Qh5 {[%clk 0:03:38]} 34. Nc4 {[%clk 0:13:13]} Bc5
{[%clk 0:01:18]} 35. a5 {[%clk 0:13:22]} Rgf6 {[%clk 0:01:35]} 36. Nd2
{[%clk 0:13:41]} h6 {[%clk 0:01:22]} 37. Rb7 {[%clk 0:13:20]} R8f7
{[%clk 0:01:38]} 38. Rb8+ {[%clk 0:10:30]} Kh7 {[%clk 0:01:59]} 39. Ra8
{[%clk 0:10:57]} Qh3 {[%clk 0:00:38]} 40. Re1 {[%clk 0:02:32]} Qh4
{[%clk 0:00:40]} 41. Rf1 {[%clk 0:01:12]} Qg5 {[%clk 0:00:35]} 42. Nb3
{[%clk 0:00:44]} Be3 {[%clk 0:00:55]} 43. Qg2 {[%clk 0:00:40]} Qh5
{[%clk 0:01:10]} 44. Re1 {[%clk 0:00:36]} Rg6 {[%clk 0:00:40]} 45. Rxe3
{[%clk 0:00:33]} Rxg2 {[%clk 0:01:01]} 46. Kxg2 {[%clk 0:01:00]} Qg5+
{[%clk 0:01:13]} 47. Kf2 {[%clk 0:01:25]} Qh4+ {[%clk 0:01:39]} 48. Ke2
{[%clk 0:00:59]} Qxh2+ {[%clk 0:01:59]} 49. Kd3 {[%clk 0:01:26]} Qa2
{[%clk 0:01:48]} 50. Rb8 {[%clk 0:01:21]} h5 {[%clk 0:01:27]} 51. Nd2
{[%clk 0:00:45]} Rf6 {[%clk 0:00:49]} 52. Re2 {[%clk 0:00:03]} Qxa5
{[%clk 0:00:58]} 53. Nc4 {[%clk 0:00:52]} Rxf3+ {[%clk 0:00:56]} 0-1

[Event "Polfinaly Mistrzostw Polski Juniorow 20"]
[Site "Szklarska Poreba - <=>Krolowa K"]
[Date "2015.??.??"]
[Round "6.6"]
[White "Buraczewski, Rafal"]
[Black "Kaminski, Piotr"]
[Result "1-0"]
[WhiteElo "1894"]
[BlackElo "1699"]
[PlyCount "71"]
[EventDate "2015.??.??"]

1. d4 Nf6 2. Nf3 e6 3. e3 c5 4. c3 b6 5. Bd3 Bb7 6. Nbd2 Be7 7. Qe2 O-O 8. e4
d6 9. O-O Nbd7 10. e5 dxe5 11. dxe5 Nd5 12. Ne4 Re8 13. a3 Nf8 14. Bb5 Nc7 15.
Bxe8 Qxe8 16. Nd6 Bxd6 17. exd6 Nd5 18. c4 Nf6 19. Ne5 h6 20. f3 Rd8 21. Rd1
N6h7 22. b4 f6 23. Ng4 e5 24. bxc5 bxc5 25. Rb1 Qc6 26. Qd3 Qd7 27. Be3 Ne6 28.
Qg6 Kh8 29. Bxh6 Nef8 30. Bxg7+ Qxg7 31. Qxg7+ Kxg7 32. Rxb7+ Kg6 33. Nf2 f5
34. Nd3 Ng5 35. Nxe5+ Kf6 36. Nc6 1-0

[Event "Polfinaly Mistrzostw Polski Juniorow 20"]
[Site "Szklarska Poreba - <=>Krolowa K"]
[Date "2015.??.??"]
[Round "6.7"]
[White "Pasieka, Marcin"]
[Black "Rosicki, Marcin"]
[Result "0-1"]
[WhiteElo "1754"]
[BlackElo "1907"]
[PlyCount "60"]
[EventDate "2015.??.??"]

1. e4 e5 2. Nf3 Nc6 3. Bc4 Nf6 4. Ng5 d5 5. exd5 Na5 6. Bb5+ c6 7. dxc6 bxc6 8.
Qf3 Be7 9. Bxc6+ Nxc6 10. Qxc6+ Bd7 11. Qf3 Rc8 12. Nc3 Bc6 13. Qh3 O-O 14. d3
Bd7 15. Qg3 Rc6 16. Nge4 Ng4 17. h4 f5 18. Nd2 Bc5 19. Rf1 Bd4 20. Nc4 e4 21.
Bg5 Qc8 22. Nd5 Re6 23. Ne7+ Rxe7 24. Bxe7 f4 25. Qh3 Re8 26. Nd6 Qxc2 27. Nxe8
Bxf2+ 28. Rxf2 Qxf2+ 29. Kd1 Ne3+ 30. Qxe3 fxe3 0-1

[Event "Polfinaly Mistrzostw Polski Juniorow 20"]
[Site "Szklarska Poreba - <=>Krolowa K"]
[Date "2015.??.??"]
[Round "6.8"]
[White "Jankowiak, Tomasz"]
[Black "Zarnowski, Krzysztof"]
[Result "1/2-1/2"]
[WhiteElo "1768"]
[BlackElo "2025"]
[PlyCount "80"]
[EventDate "2015.??.??"]

1. e4 c5 2. Nf3 d6 3. Bb5+ Bd7 4. Bxd7+ Qxd7 5. O-O Nc6 6. c4 Nf6 7. Nc3 g6 8.
d4 cxd4 9. Nxd4 Bg7 10. Nde2 O-O 11. f3 Rfd8 12. Be3 e6 13. Rc1 d5 14. cxd5
exd5 15. Nxd5 Nxd5 16. Qxd5 Qxd5 17. exd5 Rxd5 18. Nc3 Rd3 19. Kf2 Re8 20. Bf4
Bd4+ 21. Kg3 f6 22. h4 Rd8 23. Rfd1 Rxd1 24. Rxd1 Kf7 25. Rd2 g5 26. hxg5 fxg5
27. Bxg5 Rg8 28. Kh4 Rxg5 29. Rxd4 Rxg2 30. Rd7+ Kg6 31. Rxb7 Nd4 32. Kh3 Rf2
33. Rxa7 Rxb2 34. Kg3 h5 35. Ra6+ Kf5 36. Ra5+ Kg6 37. Ra6+ Kf5 38. Rd6 h4+ 39.
Kxh4 Nxf3+ 40. Kg3 Rc2 1/2-1/2

[Event "Polfinaly Mistrzostw Polski Juniorow 20"]
[Site "Szklarska Poreba - <=>Krolowa K"]
[Date "2015.??.??"]
[Round "6.9"]
[White "Januszkiewicz, Wojciech"]
[Black "Szczuraszyk, Jaroslaw"]
[Result "1-0"]
[WhiteElo "1965"]
[BlackElo "1559"]
[PlyCount "71"]
[EventDate "2015.??.??"]

1. e4 c5 2. Nf3 Nc6 3. d4 cxd4 4. Nxd4 Nf6 5. Nc3 d6 6. Bc4 e6 7. Be3 Be7 8.
Qe2 O-O 9. O-O-O Qa5 10. Bb3 a6 11. Rhg1 Bd7 12. g4 Nxd4 13. Bxd4 Bc6 14. g5
Nd7 15. h4 Nc5 16. Kb1 b5 17. h5 b4 18. g6 fxg6 19. hxg6 h6 20. Bxc5 Qxc5 21.
Bxe6+ Kh8 22. Nd5 Rxf2 23. Qd3 Bb5 24. Qd4 Qxc2+ 25. Ka1 Bg5 26. Nxb4 Qc5 27.
Qxc5 dxc5 28. Rxg5 cxb4 29. Rf5 Rxf5 30. exf5 Be2 31. Rd4 a5 32. b3 Bf3 33. Kb2
h5 34. Rd7 Bg4 35. Kc2 h4 36. Rd4 1-0

[Event "Polfinaly Mistrzostw Polski Juniorow 20"]
[Site "Szklarska Poreba - <=>Krolowa K"]
[Date "2015.??.??"]
[Round "6.10"]
[White "Drozniak, Stanislaw"]
[Black "Krawiec, Grzegorz"]
[Result "1/2-1/2"]
[WhiteElo "1857"]
[BlackElo "1715"]
[PlyCount "62"]
[EventDate "2015.??.??"]

1. e4 c5 2. Nf3 e6 3. d4 cxd4 4. Nxd4 Nc6 5. Nc3 Qc7 6. Be3 a6 7. Bd3 b5 8.
Nxc6 Qxc6 9. O-O Bb7 10. Kh1 Nf6 11. f3 Be7 12. a4 b4 13. Ne2 e5 14. c3 d5 15.
cxb4 Bxb4 16. Rc1 Qd6 17. Ng3 O-O 18. Nf5 Qe6 19. Rc7 Bc6 20. Bg5 Kh8 21. Qc2
Rfc8 22. Rxc8+ Rxc8 23. Bxf6 gxf6 24. exd5 Bxd5 25. Qe2 Bc4 26. Rd1 Bb3 27. Ra1
Bc4 28. Rd1 Bb3 29. Ra1 Bc4 30. Rd1 Bb3 31. Ra1 Bc4 1/2-1/2

[Event "Polfinaly Mistrzostw Polski Juniorow 20"]
[Site "Szklarska Poreba - <=>Krolowa K"]
[Date "2015.??.??"]
[Round "6.11"]
[White "Litner, Igor"]
[Black "Rzeszowski, Dominik"]
[Result "1-0"]
[WhiteElo "1695"]
[BlackElo "1808"]
[PlyCount "107"]
[EventDate "2015.??.??"]

1. d4 f5 2. g3 Nf6 3. Bg2 d5 4. e3 e6 5. Ne2 Bd6 6. b3 O-O 7. c4 c6 8. O-O Nbd7
9. Ba3 Bxa3 10. Nxa3 g5 11. b4 Qe7 12. Qb3 a6 13. f4 g4 14. Nc2 Nb6 15. c5 Nc4
16. Qc3 Bd7 17. a4 Rfb8 18. Na3 Nxa3 19. Rxa3 Ne8 20. Rb1 Nc7 21. Nc1 Ne8 22.
Rab3 Nf6 23. Nd3 Be8 24. Ne5 Nd7 25. Nd3 Nf6 26. Bf1 h5 27. Qb2 Ne4 28. Nf2
Nxf2 29. Kxf2 Bd7 30. b5 axb5 31. axb5 Rd8 32. bxc6 bxc6 33. Rb7 Qe8 34. h4 Kf8
35. Qb6 Bc8 36. Ra7 Rxa7 37. Qxa7 Qe7 38. Qb8 Kf7 39. Qa8 Qc7 40. Rb6 Bd7 41.
Qa5 Ke8 42. Ba6 Ra8 43. Qb4 Qa7 44. Qa4 Rb8 45. Qb4 Ra8 46. Be2 Qc7 47. Rb7 Qa5
48. Qb6 Qa1 49. Qc7 Rd8 50. Qe5 Kf7 51. Qd6 Ke8 52. Rxd7 Rxd7 53. Qxe6+ Re7 54.
Qxc6+ 1-0

[Event "Polfinaly Mistrzostw Polski Juniorow 20"]
[Site "Szklarska Poreba - <=>Krolowa K"]
[Date "2015.??.??"]
[Round "6.12"]
[White "Zylinski, Piotr"]
[Black "Koseski, Damian"]
[Result "1-0"]
[WhiteElo "1638"]
[BlackElo "1857"]
[PlyCount "60"]
[EventDate "2015.??.??"]

1. e4 c5 2. Nc3 d6 3. g3 Nf6 4. Bg2 Nc6 5. d3 g6 6. h3 Bg7 7. Be3 Bd7 8. Qd2
Rb8 9. Bh6 O-O 10. Bxg7 Kxg7 11. f4 b5 12. Nf3 b4 13. Ne2 Qa5 14. O-O e6 15. b3
d5 16. e5 Ne8 17. a3 Qb6 18. Kh2 a5 19. a4 Nc7 20. Rad1 Bc8 21. Rc1 Qa6 22.
Rfe1 d4 23. Qd1 Nd5 24. Ng5 Ne3 25. Qd2 Ne7 26. Ng1 N7d5 27. Ne4 Bb7 28. Nd6
Nxg2 29. Kxg2 Nxf4+ 30. Kh2 Ng2 1-0

[Event "Polfinaly Mistrzostw Polski Juniorow 20"]
[Site "Szklarska Poreba - <=>Krolowa K"]
[Date "2015.??.??"]
[Round "6.13"]
[White "Wisniewski, Jacek"]
[Black "Zianowicz, Dominik"]
[Result "1-0"]
[WhiteElo "1804"]
[BlackElo "1729"]
[PlyCount "99"]
[EventDate "2015.??.??"]

1. d4 d5 2. c4 e6 3. Nc3 Nf6 4. cxd5 exd5 5. Bg5 Nbd7 6. e3 Be7 7. Bd3 O-O 8.
Qc2 c6 9. Nge2 Re8 10. O-O Nf8 11. f3 a6 12. Rad1 Ng6 13. e4 dxe4 14. fxe4 Bg4
15. h3 Bxe2 16. Nxe2 Qb6 17. Be3 Rac8 18. Bf2 c5 19. d5 Ne5 20. Ng3 g6 21. Rfe1
Qc7 22. Nf1 c4 23. Be2 Bb4 24. Nd2 c3 25. bxc3 Qxc3 26. Qxc3 Bxc3 27. Bf3 Nc4
28. Nxc4 Bxe1 29. Rxe1 Rxc4 30. e5 Nd7 31. e6 fxe6 32. dxe6 Nf6 33. Bxb7 a5 34.
g4 g5 35. Bg2 Kf8 36. Re5 a4 37. Bc5+ Rxc5 38. Rxc5 Rxe6 39. Ra5 h5 40. gxh5
Nxh5 41. Rxg5 Nf6 42. Ra5 Ne4 43. Rxa4 Nc3 44. Ra8+ Ke7 45. a4 Re2 46. a5 Kd6
47. a6 Ra2 48. Kh2 Ne2 49. a7 Ke7 50. Rg8 1-0

[Event "Polfinaly Mistrzostw Polski Juniorow 20"]
[Site "Szklarska Poreba - <=>Krolowa K"]
[Date "2015.??.??"]
[Round "6.14"]
[White "Kucza, Jan"]
[Black "Romanski, Dawid"]
[Result "1/2-1/2"]
[WhiteElo "1657"]
[BlackElo "1517"]
[PlyCount "80"]
[EventDate "2015.??.??"]

1. e4 c5 2. Nf3 d6 3. d4 cxd4 4. Nxd4 Nf6 5. Nc3 a6 6. Be2 e5 7. Nb3 Be7 8. O-O
O-O 9. a4 Be6 10. Be3 Nc6 11. Kh1 d5 12. exd5 Nxd5 13. Nxd5 Bxd5 14. f4 exf4
15. Bxf4 Bf6 16. Bf3 Bxb3 17. cxb3 Bxb2 18. Ra2 Bf6 19. Rd2 Qb6 20. Rd6 Rad8
21. Be4 Rxd6 22. Bxd6 Re8 23. Qg4 Qd4 24. Re1 g6 25. Bg3 Qb4 26. Qf3 Qd4 27.
Bf2 Qd8 28. Rd1 Qe7 29. Bxc6 bxc6 30. Qxc6 Qe2 31. Rg1 Re6 32. Qc5 Kg7 33. Bd4
Bxd4 34. Qxd4+ Qe5 35. Qxe5+ Rxe5 36. h3 a5 37. Rc1 Kf6 38. Kg1 Ke6 39. Kf2 Kd6
40. Rc8 h5 1/2-1/2

[Event "Polfinaly Mistrzostw Polski Juniorow 201"]
[Site "Szklarska Poreba - „Krolowa Ka"]
[Date "2015.??.??"]
[Round "7.5"]
[White "Pilzak, Marcin"]
[Black "Fukowski, Pawel"]
[Result "0-1"]
[WhiteElo "2102"]
[BlackElo "1933"]
[PlyCount "106"]
[EventDate "2015.??.??"]

1. Nf3 Nf6 2. b3 g6 3. Bb2 Bg7 4. g3 d5 5. Bg2 b6 6. O-O O-O 7. d3 Bb7 8. Nbd2
c5 9. Re1 e6 10. e4 d4 11. b4 Nfd7 12. bxc5 bxc5 13. Rb1 Qc7 14. h4 a5 15. h5
Nc6 16. Nh2 e5 17. hxg6 fxg6 18. Bh3 Nb6 19. Be6+ Kh8 20. a3 a4 21. Kg2 Na5 22.
Rh1 c4 23. Ng4 Bf6 24. Bc1 Ra6 25. Rb5 cxd3 26. cxd3 Bc6 27. Rc5 Qe7 28. Nxe5
Bxe5 29. Rxe5 Nd7 30. Bxd7 Qxe5 31. Nf3 Qd6 32. Bg4 Nb3 33. Ng5 Ra7 34. Ne6 Re8
35. Bf4 Qxa3 36. Be5+ Kg8 37. Nxd4 Nxd4 38. Bxd4 Rf7 39. Qc2 Bb5 40. Rd1 Qb3
41. Qxb3 axb3 42. Bc5 b2 43. Rb1 Bxd3 44. Rxb2 Bxe4+ 45. f3 Bf5 46. Bxf5 Rxf5
47. Bf2 Rd5 48. g4 h5 49. gxh5 gxh5 50. Kg3 Re7 51. Rb8+ Kh7 52. Kh4 Rg7 53.
Rf8 Rd1 0-1

[Event "Polfinaly Mistrzostw Polski Juniorow 201"]
[Site "Szklarska Poreba - „Krolowa Ka"]
[Date "2015.??.??"]
[Round "7.6"]
[White "Rosicki, Marcin"]
[Black "Januszkiewicz, Wojciech"]
[Result "1/2-1/2"]
[WhiteElo "1907"]
[BlackElo "1965"]
[PlyCount "60"]
[EventDate "2015.??.??"]

1. e4 c5 2. c4 Nc6 3. Nc3 g6 4. g3 Bg7 5. Bg2 d6 6. Nge2 e6 7. O-O Nge7 8. d3
a6 9. Be3 Nd4 10. Rb1 O-O 11. b4 Nxe2+ 12. Nxe2 cxb4 13. Rxb4 Nc6 14. Rb1 b5
15. cxb5 axb5 16. Qc2 Ne5 17. Nc3 b4 18. Rxb4 Ba6 19. Rd1 Qc7 20. d4 Rfc8 21.
dxe5 Bxe5 22. Bd4 Bxd4 23. Rbxd4 Qxc3 24. Qxc3 Rxc3 25. Rxd6 Ra3 26. Rd8+ Rxd8
27. Rxd8+ Kg7 28. Ra8 Rxa2 29. Bf1 Bc4 30. Rxa2 Bxa2 1/2-1/2

[Event "Polfinaly Mistrzostw Polski Juniorow 201"]
[Site "Szklarska Poreba - „Krolowa Ka"]
[Date "2015.??.??"]
[Round "7.7"]
[White "Zarnowski, Krzysztof"]
[Black "Litner, Igor"]
[Result "1-0"]
[WhiteElo "2025"]
[BlackElo "1695"]
[PlyCount "95"]
[EventDate "2015.??.??"]

1. d4 Nf6 2. c4 g6 3. Nc3 d5 4. cxd5 Nxd5 5. e4 Nxc3 6. bxc3 Bg7 7. Bc4 c5 8.
Ne2 O-O 9. O-O Nc6 10. Be3 Na5 11. Bd3 c4 12. Bc2 b5 13. Rb1 a6 14. a4 Rb8 15.
Qc1 f5 16. Bf4 Rb6 17. Qa3 Nb7 18. Bg5 Bf6 19. Bxf6 Rfxf6 20. e5 Rf8 21. Rfd1
e6 22. Nf4 g5 23. Nh5 Bd7 24. d5 Qe8 25. dxe6 Rxe6 26. Nf6+ Rfxf6 27. exf6 Rxf6
28. axb5 axb5 29. Qc1 Bc6 30. Re1 Qh5 31. Bd1 Qg6 32. Qd2 Nd6 33. Re7 Ne4 34.
Qd8+ Rf8 35. Qd4 Qf6 36. Qxf6 Rxf6 37. Rc1 Kf8 38. Rxh7 Re6 39. f3 Nxc3 40.
Rxc3 Re1+ 41. Kf2 Rxd1 42. Rc7 Rd6 43. Ra3 b4 44. Ra6 b3 45. Rb6 Ke8 46. Ke1 c3
47. Rxb3 c2 48. Rb8+ 1-0

[Event "Polfinaly Mistrzostw Polski Juniorow 201"]
[Site "Szklarska Poreba - „Krolowa Ka"]
[Date "2015.??.??"]
[Round "7.8"]
[White "Pasieka, Marcin"]
[Black "Korpalski, Maciej"]
[Result "0-1"]
[WhiteElo "1754"]
[BlackElo "2007"]
[PlyCount "81"]
[EventDate "2015.??.??"]

1. e4 c5 2. Nf3 d6 3. d4 cxd4 4. Nxd4 Nf6 5. Nc3 a6 6. Be3 e6 7. f3 b5 8. g4
Nfd7 9. Qd2 Bb7 10. a3 Nb6 11. h4 N8d7 12. g5 Rc8 13. O-O-O Qc7 14. h5 d5 15.
Qg2 Nc4 16. Bxc4 Qxc4 17. exd5 Bxd5 18. Nxd5 Qxd5 19. g6 Nf6 20. gxf7+ Kxf7 21.
Qh3 Bc5 22. Kb1 Rhd8 23. Rd3 Qe5 24. c3 Rd5 25. h6 g6 26. Bf2 Qd6 27. Bg3 Qb6
28. Re1 Re8 29. Re5 Rdd8 30. Bf2 Qd6 31. Bg3 Qb6 32. Bf2 Rd6 33. Qh4 Nd7 34.
Qf4+ Kg8 35. Rxc5 Nxc5 36. Qe5 Qc7 37. Bg3 Nxd3 38. Qxd6 Qxd6 39. Bxd6 e5 40.
Ne2 g5 41. Kc2 0-1

[Event "Polfinaly Mistrzostw Polski Juniorow 201"]
[Site "Szklarska Poreba - „Krolowa Ka"]
[Date "2015.??.??"]
[Round "7.9"]
[White "Kaminski, Piotr"]
[Black "Drozniak, Stanislaw"]
[Result "1-0"]
[WhiteElo "1699"]
[BlackElo "1857"]
[PlyCount "75"]
[EventDate "2015.??.??"]

1. e4 c5 2. Nf3 d6 3. Bb5+ Nd7 4. d4 Ngf6 5. O-O cxd4 6. Qxd4 e5 7. Qd3 h6 8.
c4 Be7 9. Nc3 O-O 10. Bxd7 Bxd7 11. b3 Qa5 12. Bd2 Qc7 13. Rac1 Rac8 14. Be3
Qb8 15. h3 a6 16. a4 Bc6 17. Nh4 Rfd8 18. Nf5 Bf8 19. Rfd1 Bd7 20. Bb6 Re8 21.
Nxd6 Bxd6 22. Qxd6 Qxd6 23. Rxd6 Re6 24. Rcd1 Rxd6 25. Rxd6 Rc6 26. Rxc6 Bxc6
27. f3 Kf8 28. Bc5+ Ke8 29. Bd6 Nd7 30. Nd5 f6 31. Nb4 Kf7 32. Kf2 Ke6 33. c5
a5 34. Nxc6 bxc6 35. Ke3 f5 36. Kd3 fxe4+ 37. fxe4 Kf6 38. b4 1-0

[Event "Polfinaly Mistrzostw Polski Juniorow 201"]
[Site "Szklarska Poreba - „Krolowa Ka"]
[Date "2015.??.??"]
[Round "7.10"]
[White "Wisniewski, Jacek"]
[Black "Krawiec, Grzegorz"]
[Result "1-0"]
[WhiteElo "1804"]
[BlackElo "1715"]
[PlyCount "69"]
[EventDate "2015.??.??"]

1. e4 c5 2. Nf3 e6 3. d4 cxd4 4. Nxd4 Nc6 5. Nc3 Qc7 6. Be3 a6 7. Qd2 Nf6 8.
O-O-O Bb4 9. f3 Ne5 10. Nb3 b5 11. a3 Be7 12. Qf2 Nc4 13. Bxc4 bxc4 14. Bb6
Qf4+ 15. Nd2 d5 16. g3 Qb8 17. exd5 exd5 18. Rhe1 Qb7 19. Nxc4 O-O 20. Na5 Qd7
21. Bc5 Bxc5 22. Qxc5 Bb7 23. Nxb7 Qxb7 24. Nxd5 Nxd5 25. Qxd5 Qb6 26. Qd4 Qh6+
27. Qd2 Qc6 28. Re4 Rac8 29. Kb1 Qb6 30. Rb4 Qc6 31. Rb3 Qf6 32. Qf4 Qg6 33.
Qe4 Qh6 34. h4 Rfe8 35. Qa4 1-0

[Event "Polfinaly Mistrzostw Polski Juniorow 201"]
[Site "Szklarska Poreba - „Krolowa Ka"]
[Date "2015.??.??"]
[Round "7.11"]
[White "Zylinski, Piotr"]
[Black "Jankowiak, Tomasz"]
[Result "1-0"]
[WhiteElo "1638"]
[BlackElo "1768"]
[PlyCount "73"]
[EventDate "2015.??.??"]

1. d4 d5 2. Nf3 Nf6 3. e3 e6 4. Bd3 c5 5. b3 Nc6 6. Bb2 Bd6 7. O-O O-O 8. Nbd2
b6 9. c4 Bb7 10. cxd5 Nxd5 11. Nc4 Be7 12. Nfe5 Nxe5 13. Nxe5 Nb4 14. Bb1 cxd4
15. Bxd4 Nc6 16. Nxc6 Bxc6 17. Qc2 g6 18. Qxc6 Bf6 19. Bxf6 Qxf6 20. Be4 Rac8
21. Qb7 Qe5 22. Bf3 Rc7 23. Qe4 Qb2 24. h3 Rd8 25. Rad1 Rxd1 26. Rxd1 Rc2 27.
Qh4 Qxa2 28. Rd8+ Kg7 29. Qd4+ Kh6 30. Qf4+ Kg7 31. Qe5+ Kh6 32. Rd4 f5 33. Qf6
Qa1+ 34. Kh2 f4 35. Qf8+ Kg5 36. h4+ Kxh4 37. Qxf4# 1-0

[Event "Polfinaly Mistrzostw Polski Juniorow 201"]
[Site "Szklarska Poreba - „Krolowa Ka"]
[Date "2015.??.??"]
[Round "7.12"]
[White "Zurawski, Kamil"]
[Black "Rzeszowski, Dominik"]
[Result "0-1"]
[WhiteElo "1726"]
[BlackElo "1808"]
[PlyCount "54"]
[EventDate "2015.??.??"]

1. e4 e5 2. Nf3 Nc6 3. Bc4 Nf6 4. d3 d5 5. exd5 Nxd5 6. O-O Bc5 7. Re1 O-O 8.
c3 Bg4 9. h3 Bh5 10. Nbd2 Re8 11. Bb5 f5 12. Bxc6 bxc6 13. Qa4 Qf6 14. Qh4 Nf4
15. d4 Qxh4 16. Nxh4 exd4 17. Ndf3 Rxe1+ 18. Nxe1 Ne2+ 19. Kf1 dxc3 20. bxc3
Nxc3 21. Bb2 Ne4 22. Nd3 Bb6 23. Nxf5 Rd8 24. Nf4 Rd2 25. Nxh5 Rxb2 26. Nhxg7
Rxf2+ 27. Ke1 Ba5+ 0-1

[Event "Polfinaly Mistrzostw Polski Juniorow 201"]
[Site "Szklarska Poreba - „Krolowa Ka"]
[Date "2015.??.??"]
[Round "7.14"]
[White "Szczuraszyk, Jaroslaw"]
[Black "Planeta, Wojciech"]
[Result "1/2-1/2"]
[WhiteElo "1559"]
[BlackElo "1847"]
[PlyCount "53"]
[EventDate "2015.??.??"]

1. d4 d5 2. c4 dxc4 3. e3 c5 4. Bxc4 cxd4 5. Nf3 Nc6 6. exd4 e6 7. O-O Nf6 8.
Nc3 Be7 9. d5 exd5 10. Nxd5 Nxd5 11. Bxd5 O-O 12. Be4 Qc7 13. Qc2 h6 14. Nd4
Bd7 15. Be3 Rac8 16. Nf5 Qe5 17. Nxe7+ Nxe7 18. Qe2 Bb5 19. Bd3 Bxd3 20. Qxd3
a6 21. Bd2 Qd5 22. Qxd5 Nxd5 23. Rac1 h5 24. a3 Rfd8 25. Rxc8 Rxc8 26. Rc1
Rxc1+ 27. Bxc1 1/2-1/2

[Event "PMPJ 17"]
[Site "?"]
[Date "2015.11.13"]
[Round "8.1"]
[White "Smal, Tobiasz"]
[Black "Czajkowski, Adam"]
[Result "1/2-1/2"]
[WhiteElo "1945"]
[BlackElo "2103"]
[PlyCount "22"]
[EventDate "2015.??.??"]

1. e4 c5 2. d3 Nc6 3. g3 d5 4. exd5 Qxd5 5. Nf3 Nd4 6. Bg2 Bh3 7. Bxh3 Nxf3+ 8.
Kf1 Ne1 9. Kg1 Nf3+ 10. Kf1 Ne1 11. Kg1 Nf3+ 1/2-1/2

[Event "PMPJ 17"]
[Site "?"]
[Date "2015.11.13"]
[Round "8.2"]
[White "Adamczewski, Maciej"]
[Black "Golda, Sebastian"]
[Result "1-0"]
[WhiteElo "1985"]
[BlackElo "1868"]
[PlyCount "65"]
[EventDate "2015.??.??"]

1. d4 Nf6 2. Nf3 g6 3. g3 Bg7 4. Bg2 O-O 5. c4 d6 6. O-O Nc6 7. Nc3 Bf5 8. Re1
Ne4 9. Nd5 Bd7 10. Nf4 e5 11. dxe5 dxe5 12. Nxe5 Nxe5 13. Bxe4 Nxc4 14. Qc2 Nd6
15. Bg2 Re8 16. Bd2 Bf5 17. Qb3 Ne4 18. Be3 Qf6 19. Qxb7 Rab8 20. Qxc7 Qxb2 21.
Rad1 Qxa2 22. Nd5 Qb2 23. Ne7+ Kh8 24. Nxf5 gxf5 25. Qxf7 a5 26. Qxf5 Nc3 27.
Rd7 Rxe3 28. fxe3 Nxe2+ 29. Kh1 Rf8 30. Rf7 Re8 31. Be4 Kg8 32. Rf1 Rxe4 33.
Rf8+ 1-0

[Event "PMPJ 17"]
[Site "?"]
[Date "2015.11.13"]
[Round "8.3"]
[White "Osinski, Emil"]
[Black "Wisniewski, Szymon"]
[Result "1-0"]
[WhiteElo "1967"]
[BlackElo "1891"]
[PlyCount "51"]
[EventDate "2015.??.??"]

1. e4 c5 2. Nf3 Nc6 3. d4 cxd4 4. Nxd4 g6 5. Nc3 Bg7 6. Be3 Nf6 7. Nxc6 bxc6 8.
e5 Ng8 9. f4 d6 10. Bc4 Nh6 11. Qf3 d5 12. Bb3 Bg4 13. Qf2 Bc8 14. h3 Nf5 15.
Bc5 h5 16. O-O-O h4 17. Nxd5 cxd5 18. Bxd5 Bd7 19. Bxa8 Qxa8 20. Rxd7 Kxd7 21.
Rd1+ Ke8 22. Bxa7 f6 23. e6 Nd6 24. Qb6 Rh5 25. Rxd6 exd6 26. Qc7 1-0

[Event "PMPJ 17"]
[Site "?"]
[Date "2015.11.13"]
[Round "8.5"]
[White "Rosicki, Marcin"]
[Black "Zarnowski, Krzysztof"]
[Result "0-1"]
[WhiteElo "1907"]
[BlackElo "2025"]
[PlyCount "90"]
[EventDate "2015.??.??"]

1. e4 e6 2. d4 d5 3. e5 c5 4. c3 Nc6 5. Nf3 Bd7 6. a3 f6 7. b4 fxe5 8. Nxe5
Nxe5 9. dxe5 Qc7 10. f4 Ne7 11. Bd3 c4 12. Bc2 O-O-O 13. a4 g5 14. Na3 gxf4 15.
Bxf4 Bg7 16. Qe2 Rdf8 17. g3 Ng6 18. Bxg6 hxg6 19. Nb5 Bxb5 20. axb5 g5 21.
Bxg5 Qxe5 22. Qxe5 Bxe5 23. Kd2 Rf2+ 24. Ke3 Rhxh2 25. Rxh2 Rxh2 26. Rxa7 Bxc3
27. Ra8+ Kd7 28. Rd8+ Kc7 29. Rg8 Bd2+ 30. Kd4 Bxg5 31. Rxg5 Kd6 32. Rg7 b6 33.
Rb7 Rd2+ 34. Kc3 Rd3+ 35. Kc2 Rxg3 36. Rxb6+ Ke5 37. Rb8 Rb3 38. b6 Rxb4 39. b7
Kd4 40. Kd2 e5 41. Kc2 e4 42. Kd2 Rb2+ 43. Kc1 c3 44. Kd1 Kd3 45. Kc1 d4 0-1